000 00788nam a2200217Ii 4500
003 JO-AjNU
008 230605s9999||||xx |||||||||||||| ||und||
017 _a2007/8/2649
040 _aJO-AjNU
_bara
_erda
_cJO-AjNU
041 _aara
050 1 4 _aHF5415.A9298.2011
100 3 _aعزام،زكريا احمد/عبدالباسط حسونه/مصطفى سعيد الشيخ,
_eauthor
_934038
245 0 0 _aمبادىء التسويق الحديث بين النظرية والتطبيق=Modern Marketing
250 _aط3
264 3 1 _aعمان:دار المسيرة للنشر والتوزيع؛2011
300 _a448ص
336 _atext
_btxt
_2rdacontent
337 _aunmediated
_bn
_2rdamedia
338 _avolume
_bnc
_2rdacarrier
650 4 _aالتسويق الحديث
_934039
999 _aA13914
_c17482
_d17482